000 00424 a2200145 4500
082 _a302.230973
090 _c7190
_d7190
100 _aMatbooati, Ablagh
245 _aTaa,ruf-e-Ablagh-e-Aama
_cMatbooati, Ablagh
260 _aKarachi
_bSeegha-i-Matbooati Ablagh
_c2000
300 _a407 p.
_c25 cm.
500 _aIncludes references
650 _a1. Mass Media and Culture. 2. Popular Culture.
942 _cBK
_k302.230973 MAT
999 _c10993
_d10993